Sierra Leone : Third and Fourth Reviews Under the Extended Credit Facility Arrangement, Requests for Extension and Rephasing of the Arrangement, Waivers of Nonobservance of Performance Criteria, and Financing Assurances Review-Press Release; Staff Report; and Statement by the Executive Director for Sierra Leone.

Following two emergency Rapid Credit Facility disbursements in June 2020 and March 2021 to assist in addressing the impact of the COVID-19 pandemic, the Sierra Leonean authorities are committed to resuming the program supported by the Extended Credit Facility arrangement. The program is an important...

Descripció completa

Dades bibliogràfiques
Autor corporatiu: International Monetary Fund. African Dept
Format: Revista
Idioma:English
Publicat: Washington, D.C. : International Monetary Fund, 2021.
Col·lecció:IMF Staff Country Reports; Country Report ; No. 2021/183
Matèries:
Accés en línia:Full text available on IMF
LEADER 02355cas a2200301 a 4500
001 AALejournalIMF021925
008 230101c9999 xx r poo 0 0eng d
020 |c 5.00 USD 
020 |z 9781513590783 
022 |a 1934-7685 
040 |a BD-DhAAL  |c BD-DhAAL 
110 2 |a International Monetary Fund.  |b African Dept. 
245 1 0 |a Sierra Leone :   |b Third and Fourth Reviews Under the Extended Credit Facility Arrangement, Requests for Extension and Rephasing of the Arrangement, Waivers of Nonobservance of Performance Criteria, and Financing Assurances Review-Press Release; Staff Report; and Statement by the Executive Director for Sierra Leone. 
264 1 |a Washington, D.C. :  |b International Monetary Fund,  |c 2021. 
300 |a 1 online resource (115 pages) 
490 1 |a IMF Staff Country Reports 
500 |a <strong>Off-Campus Access:</strong> No User ID or Password Required 
500 |a <strong>On-Campus Access:</strong> No User ID or Password Required 
506 |a Electronic access restricted to authorized BRAC University faculty, staff and students 
520 3 |a Following two emergency Rapid Credit Facility disbursements in June 2020 and March 2021 to assist in addressing the impact of the COVID-19 pandemic, the Sierra Leonean authorities are committed to resuming the program supported by the Extended Credit Facility arrangement. The program is an important policy anchor for the authorities, and its main objectives-revenue mobilization, safeguarding financial stability, and addressing external vulnerabilities-remain valid. While an economic recovery is underway, driven by the mining sector, risks to the outlook are considerable and, the risk of debt distress is high but remains sustainable. This is predicated on the authorities' ambitious fiscal adjustment and continued reliance on concessional financing and grants. External vulnerabilities are expected to persist over the medium term. 
538 |a Mode of access: Internet 
650 7 |a International Agreements  |2 imf 
650 7 |a International Organizations  |2 imf 
650 7 |a Monetary Policy  |2 imf 
650 7 |a Observance  |2 imf 
651 7 |a Sierra Leone  |2 imf 
830 0 |a IMF Staff Country Reports; Country Report ;  |v No. 2021/183 
856 4 0 |z Full text available on IMF  |u http://elibrary.imf.org/view/journals/002/2021/183/002.2021.issue-183-en.xml  |z IMF e-Library